| 000 | 01178nam a2200205 a 4500 | ||
|---|---|---|---|
| 005 | 20250926063855.0 | ||
| 008 | 991125n197 [me 000 0 spa u | ||
| 035 | _aUPN01000018653 | ||
| 049 | _aAV | ||
| 099 | _aPVI P 0486 | ||
| 245 | 0 | 4 |
_aLos que hicieron nuestro cine, 1 : _bEisenstein en México. |
| 260 |
_a[México] : _bUTEC, _c[197-]. |
||
| 300 |
_a1 videocasete (VHS) (28 min.) : _bson., b y n. |
||
| 520 | _aEn 1930 llega a México el cineasta ruso Eisenstein acompañado con su fotógrafo y su asistente para realizar una película sobre México que tituló ¡Viva México!, la cuál no terminó, quedó inconclusa En este programa se presentan escenas de esta película y también de su película rusa: El acorazado Potemkin. Incluye comentarios de Agustin Velázquez Chávez (escritor), Dolores Alvarez Bravo (fotógrafa), Alejandro Galindo (director), Emilio Gómez (director) y Emilio (Indio) Fernández (director) | ||
| 500 | _aAmbientación musical | ||
| 501 | _aCon: Los orígenes del cinematógrafo -- El cine mudo de ficción -- Y Santa habló | ||
| 650 | 4 |
_aCinematografía _92549 |
|
| 650 | 0 |
_aCinematografía _xHistoria _910591 |
|
| 905 | _aAudiovisuales | ||
| 999 |
_c18653 _d18653 |
||